[Event "Linares 09th"]
[Site "Linares"]
[Date "1991.??.??"]
[Round "1"]
[White "Anand, Viswanathan"]
[Black "Kamsky, Gata"]
[Result "1-0"]
[WhiteElo "2635"]
[BlackElo "2640"]
[Annotator "Anand,V"]
[PlyCount "135"]
[EventDate "1991.02.??"]
[EventType "tourn"]
[EventRounds "13"]
[EventCountry "ESP"]
[EventCategory "17"]
[SourceTitle "CBM 022"]
[Source "ChessBase"]
[SourceDate "1991.06.01"]
[SourceVersion "1"]
[SourceVersionDate "1991.06.01"]
[SourceQuality "1"]

1. e4 {Schussler} e5 2. Nf3 Nc6 3. Bb5 a6 4. Ba4 Nf6 5. O-O Be7 6. Re1 b5 7.
Bb3 d6 8. c3 O-O 9. h3 Bb7 10. d4 Re8 11. Nbd2 h6 {A funny choice of opening.
Black lets white choose between the Smyslov and the Zaitsev} 12. Nf1 {I'll
take Smyslov!} Bf8 13. Ng3 Na5 14. Bc2 Nc4 15. b3 Nb6 16. a4 bxa4 17. bxa4 a5
18. Bd3 Bc6 (18... d5 19. exd5 exd4 20. Rxe8 Qxe8 21. Bb5 $1 Qd8 22. c4 $16) (
18... Qd7 19. Bb5 c6 (19... Bc6 20. c4 $16) 20. Bd3 $14) 19. d5 Bd7 20. Bb5
Bxb5 $2 {This move gives white a decisive advantage in space.better was 20...
Nc8+/=} 21. axb5 Nfd7 22. Qc2 Nc5 23. c4 Qd7 24. Be3 a4 25. Ra3 {White just
has to get all his pieces to the queenside and he will win material} g6 26. Nd2
{Now that black cannot play Be7-g5} Bg7 27. Rea1 Ra5 28. Ne2 Rea8 29. Nc3 Qd8
30. Bxc5 dxc5 31. Nxa4 R8a7 32. Nb1 $6 (32. Qb3 Qa8 33. Nxb6 Rxa3 34. Rxa3 (34.
Nxa8 Rxa1+ 35. Kh2 Rxa8 36. b6 $14) 34... cxb6 35. Rxa7 Qxa7 36. Qd3 $16) 32...
Nd7 33. Nd2 Qa8 34. d6 cxd6 35. Nf1 Bf6 $2 (35... Nf6 36. Nb6 Rxa3 37. Rxa3 Qb7
38. Rxa7 Qxa7 39. Na4 $16) 36. Ne3 Bd8 37. Nd5 $18 Qb8 38. Qb3 Kg7 39. Nac3
Rxa3 40. Rxa3 Qa8 41. Rxa7 Qxa7 42. Qb2 Kg8 43. g3 h5 44. Kg2 Qa5 45. Qc1 Kg7
46. h4 Qa7 47. Ne3 Qa5 48. Ncd5 Qa2 49. Qd1 Ba5 50. g4 hxg4 51. Qxg4 Be1 52.
Qf3 Qa8 53. Qg3 Qf8 54. Qg4 Qe8 55. Nf5+ Kf8 56. Nfe7 Nf6 57. Nxf6 Qxe7 58. Nd5
Qb7 59. Qg5 Ba5 60. Qh6+ Ke8 61. Qh8+ Kd7 62. Qf8 Bd8 63. Qxf7+ Kc8 64. Qxb7+
Kxb7 65. Kg3 Kc8 66. Kg4 Kd7 67. f4 exf4 68. Nxf4 1-0

[Event "Linares 09th"]
[Site "Linares"]
[Date "1991.??.??"]
[Round "3"]
[White "Jussupow, Artur"]
[Black "Kamsky, Gata"]
[Result "1-0"]
[WhiteElo "2605"]
[BlackElo "2640"]
[Annotator "Ftacnik,L"]
[PlyCount "97"]
[EventDate "1991.02.??"]
[EventType "tourn"]
[EventRounds "13"]
[EventCountry "ESP"]
[EventCategory "17"]
[SourceTitle "CBM 022"]
[Source "ChessBase"]
[SourceDate "1991.06.01"]
[SourceVersion "1"]
[SourceVersionDate "1991.06.01"]
[SourceQuality "1"]

1. d4 d5 2. c4 e6 3. Nc3 Nf6 4. Nf3 Be7 5. Bg5 O-O 6. e3 h6 7. Bh4 b6 8. Bd3
Nbd7 9. cxd5 exd5 10. O-O Bb7 11. Rc1 a6 $5 12. Qb3 Re8 13. a3 Rb8 14. Bg3 Rc8
15. Bf5 g6 16. Bh3 $1 c5 $5 17. Bxd7 Nxd7 (17... c4 18. Bxc8 cxb3 19. Bxb7 $16)
18. Nxd5 Bf8 19. Nf4 $2 (19. Qa2 $1 $14) 19... Qf6 20. Rfd1 Bg7 21. a4 $6 cxd4
22. Rxc8 Rxc8 23. exd4 (23. Nxd4 $5) 23... Qf5 $1 24. Re1 g5 25. Nh5 Bh8 26.
Be5 g4 27. Ng3 Qc2 28. Qe3 $5 (28. Qxc2 Rxc2 29. Bxh8 gxf3 $17) 28... gxf3 29.
Bxh8 Kxh8 30. Qxh6+ Qh7 31. Qd6 Nf8 $2 (31... Bc6 $1 32. Rc1 (32. d5 Bxa4 33.
b3 $2 Bb5 $17) (32. gxf3 Qg6 $1 33. Qxg6 fxg6 34. Rc1 Bb7 $17) 32... Qg6 $22
33. Rxc6 $2 Rxc6 34. Qxd7 Rc1+ 35. Nf1 Qxg2#) 32. Qxb6 Bd5 33. Qd6 Bb3 34. Qf6+
Qg7 35. Qxf3 Bc2 36. Nh5 Qg6 37. Nf4 Qh6 38. h3 Bh7 39. Nd5 Rc1 $2 (39... Qg7
$5 {/\Ne6}) 40. Rxc1 Qxc1+ 41. Kh2 Bg6 42. Qf6+ Kh7 43. Qe5 Ne6 44. f4 $1 Qf1
45. h4 Bd3 46. Qf6 Kg8 47. f5 $1 Be4 48. Ne7+ Kf8 49. Ng6+ {Ftacnik,L} 1-0

[Event "Linares 09th"]
[Site "Linares"]
[Date "1991.??.??"]
[Round "4"]
[White "Kamsky, Gata"]
[Black "Ivanchuk, Vassily"]
[Result "0-1"]
[WhiteElo "2640"]
[BlackElo "2695"]
[Annotator "Anand,V"]
[PlyCount "106"]
[EventDate "1991.02.??"]
[EventType "tourn"]
[EventRounds "13"]
[EventCountry "ESP"]
[EventCategory "17"]
[SourceTitle "CBM 022"]
[Source "ChessBase"]
[SourceDate "1991.06.01"]
[SourceVersion "1"]
[SourceVersionDate "1991.06.01"]
[SourceQuality "1"]

1. e4 {Schussler} e5 2. Nf3 Nc6 3. Bb5 a6 4. Ba4 Nf6 5. O-O Be7 6. Re1 b5 7.
Bb3 O-O 8. c3 d5 {A recent addition to Ivanchuk's repertoire} 9. exd5 Nxd5 10.
Nxe5 Nxe5 11. Rxe5 c6 12. d4 Bd6 13. Re2 Bg4 14. f3 Bh5 $1 15. Bxd5 cxd5 16.
Nd2 f5 $1 {Black wants to suffocate white's pieces} 17. Qb3 (17. Nf1 {Schussler
} f4 18. a4 Be8 19. b3 Rc8 20. axb5 $6 {20.Bb2 (Nunn) =} Bxb5 21. Rc2 Qb6 22.
Bb2 Rfe8 23. Rf2 Be7 $15 {Perenyi-Blatny, Hajduszoszlo 1987.}) 17... Bf7 18.
Nf1 f4 19. Bd2 Qd7 20. Rae1 a5 21. a3 a4 22. Qd1 Bg6 23. Bc1 Rf7 24. h3 Bf5 25.
Nh2 h5 26. Rf2 Raf8 27. Nf1 Rf6 28. Nh2 Kh8 29. b3 {Is this really necessary?
White should be content with a draw here} Rc8 30. Bb2 Kh7 31. Nf1 Rff8 32. Rfe2
Rc7 33. Nh2 (33. b4 Rfc8 34. Qd2 $10) 33... Rfc8 34. Nf1 b4 $3 {Diagrama 1} 35.
axb4 (35. cxb4 Bc2 $17) 35... a3 36. Bxa3 (36. Ba1 Rxc3 37. Bxc3 Rxc3 $17)
36... Rxc3 37. Kh2 Ra8 38. Bb2 Rd3 39. Qc1 Rc8 40. Rc2 Rxc2 41. Qxc2 Bg6 (41...
Rxf3 $2 42. Qd1 (42. Qe2 $2 Rxh3+ $19) 42... Rxh3+ 43. gxh3 f3+ 44. Kg1 Be4 $13
) 42. Qf2 Bxb4 43. Re5 Rd1 $1 (43... Rxb3 44. Rxh5+ Bxh5 45. Qc2+) 44. Qe2 (44.
Rxh5+ Kg8 45. Rg5 Bd3 $19) 44... Rb1 45. Rg5 Qc6 46. Re5 Qc2 $1 47. Rxh5+ Kg8
48. Qe6+ Bf7 49. Rh8+ Kxh8 50. Qxf7 Qc6 $1 {Very cool. Vassily has everything
under control} 51. Bc3 Bxc3 52. Qf8+ Kh7 53. Qf5+ Qg6 0-1

[Event "Linares 09th"]
[Site "Linares"]
[Date "1991.??.??"]
[Round "6"]
[White "Kamsky, Gata"]
[Black "Timman, Jan H"]
[Result "1/2-1/2"]
[WhiteElo "2640"]
[BlackElo "2630"]
[Annotator "Ftacnik,L"]
[PlyCount "103"]
[EventDate "1991.02.??"]
[EventType "tourn"]
[EventRounds "13"]
[EventCountry "ESP"]
[EventCategory "17"]
[SourceTitle "CBM 022"]
[Source "ChessBase"]
[SourceDate "1991.06.01"]
[SourceVersion "1"]
[SourceVersionDate "1991.06.01"]
[SourceQuality "1"]

1. d4 Nf6 2. Nf3 g6 3. c4 Bg7 4. Nc3 d5 5. cxd5 Nxd5 6. e4 Nxc3 7. bxc3 c5 8.
Rb1 O-O 9. Be2 Nc6 10. d5 Bxc3+ 11. Bd2 Bxd2+ 12. Qxd2 Na5 13. h4 Bg4 14. h5
Bxf3 15. gxf3 e5 16. Qc3 Re8 17. hxg6 fxg6 18. Qxc5 b6 19. Qe3 Rc8 20. Rc1
Rxc1+ 21. Qxc1 Qe7 22. Ba6 $1 (22. a3 $6 Nb7 $15) 22... Rf8 23. Qc3 Qf6 24. Bc8
$1 h5 (24... Qxf3 25. Be6+ Kh8 26. Qxe5+ $16) 25. Rg1 Kh7 26. Rg3 Kh6 27. a4
Nc6 $1 28. Qc1+ g5 $6 (28... Kh7 29. Bf5 (29. Rxg6 $2 Qxg6 30. Bf5 Rxf5 31.
exf5 Qg1+ $19) 29... gxf5 30. dxc6 (30. Qxc6 Qxc6 31. dxc6 Kh6 $17) 30... f4
$17) 29. Rxg5 $1 Qxg5 30. Qxc6+ Qg6 31. Bf5 Qf6 $8 (31... Qxc6 $2 32. dxc6 Rf7
33. Bd7 $18) 32. d6 Rd8 33. Qc1+ Kg7 34. Qc7+ Kf8 35. d7 Ke7 $14 36. Ke2 Qd6
37. Qc1 Rg8 38. Qc8 Rd8 39. Qc1 h4 40. Qg5+ Qf6 41. Qd2 Rf8 42. Qe3 a6 43. Bg4
Rg8 44. Qd3 Rh8 45. Qxa6 Qd6 46. Qc8 Rf8 47. Bf5 Rd8 48. Qc1 Rg8 49. Bg4 Rh8
50. Qg5+ Qf6 51. Qc1 Qd6 52. Qg5+ {Ftacnik,L} 1/2-1/2

[Event "Linares 09th"]
[Site "Linares"]
[Date "1991.??.??"]
[Round "7"]
[White "Kasparov, Garry"]
[Black "Kamsky, Gata"]
[Result "1-0"]
[WhiteElo "2800"]
[BlackElo "2640"]
[Annotator "Rogers,I"]
[PlyCount "57"]
[EventDate "1991.02.??"]
[EventType "tourn"]
[EventRounds "13"]
[EventCountry "ESP"]
[EventCategory "17"]
[SourceTitle "CBM 022"]
[Source "ChessBase"]
[SourceDate "1991.06.01"]
[SourceVersion "1"]
[SourceVersionDate "1991.06.01"]
[SourceQuality "1"]

1. d4 Nf6 2. c4 c6 3. Nc3 g6 $6 ({An all too typical reaction when playing the
World Champion; Kamsky tries an unusual but inferior line to avoid Kasparov's
encyclopaedic knowledge of the main lines which arise after} 3... d5) 4. e4 d5
5. e5 Ne4 6. Bd3 Nxc3 7. bxc3 Bg7 8. Ne2 O-O $6 9. cxd5 cxd5 10. h4 $1 {
Kamsky's king has prematurely declared his intentions so Kasparov sets in
motion a straightforward mating attack - h5, Bd2, Qc1, Bh6, etc. -against
which Black can do little.} Be6 11. h5 Qc8 12. Bd2 Bf5 13. Qb1 $1 Nc6 14. Bxf5
Qxf5 15. Qxf5 $1 gxf5 16. h6 $1 Bxe5 $5 ({The alternative,} 16... Bh8 17. Rh5
f6 (17... e6 18. Rg5+) {(mhb: variation ends here, I complete:)} 18. e6 {
/\Nf4 ensures a decisive edge for White. Black has many weak pawns, his B is
buried in h8 and White has the attack.}) 17. dxe5 Nxe5 18. Nd4 e6 19. Ke2 Nc4
20. Rae1 Kh8 21. Bg5 $1 f6 22. Nxe6 $1 fxg5 23. Nxf8 Rxf8 24. Kd3 Nd6 25. f3 {
By surrendering a small part of his material advantage, Kasparov has
simplified his task and his rooks soon dominate the board.} Kg8 26. Re7 Rf7 27.
Rhe1 Kf8 28. R7e6 Rd7 29. Rf6+ ({The knight will be lost after} 29. Rf6+ Kg8
30. Ree6 {as} Nf7 {allows} 31. Re8# $1) 1-0

[Event "Linares 09th"]
[Site "Linares"]
[Date "1991.??.??"]
[Round "9"]
[White "Salov, Valery"]
[Black "Kamsky, Gata"]
[Result "1-0"]
[WhiteElo "2645"]
[BlackElo "2640"]
[Annotator "Schussler,H"]
[PlyCount "179"]
[EventDate "1991.02.??"]
[EventType "tourn"]
[EventRounds "13"]
[EventCountry "ESP"]
[EventCategory "17"]
[SourceTitle "CBM 022"]
[Source "ChessBase"]
[SourceDate "1991.06.01"]
[SourceVersion "1"]
[SourceVersionDate "1991.06.01"]
[SourceQuality "1"]

1. d4 e6 2. c4 Bb4+ 3. Nd2 f5 4. g3 Nf6 5. Bg2 O-O 6. Ngf3 d6 7. O-O Bxd2 8.
Bxd2 Qe7 9. Qc2 e5 10. dxe5 dxe5 11. b4 c5 12. bxc5 Nc6 13. Qb2 Ne4 14. Rad1
Nxd2 15. Nxd2 e4 16. Nb3 f4 17. Qc2 f3 18. exf3 exf3 19. Rfe1 Qf7 20. Bf1 Bg4
21. Qe4 Bh5 22. Qd5 Rae8 23. Rxe8 Rxe8 24. h3 Bg6 25. g4 h5 26. Qxf7+ Bxf7 27.
gxh5 Bxh5 28. Kh2 a5 29. Kg3 a4 30. Nc1 Re4 31. Bd3 Rd4 32. Re1 Nb4 33. Be4 Bf7
34. a3 Nc6 35. Nd3 Rxc4 36. Bxc6 bxc6 37. Rc1 Re4 38. Kxf3 Re6 39. Rc3 Rh6 40.
Kg3 Rg6+ 41. Kh2 Rf6 42. Kg3 Rg6+ 43. Kh2 Rf6 44. f4 g5 45. Kg3 {45.fxg5? Rf3}
gxf4+ 46. Nxf4 Rf5 47. h4 Kg7 48. Nd3 Rf6 49. Nf4 Rf5 50. Nd3 Rf6 51. Nb4 Rg6+
52. Kf4 Rh6 53. Ke5 Be8 54. Rc4 Bf7 55. Rf4 Bb3 56. Kd4 Rg6 57. Ke5 Rh6 58. Kd4
Rg6 59. Nd3 Rg1 60. Ne5 Rd1+ 61. Kc3 Rc1+ 62. Kb4 Bd5 63. Rd4 Rb1+ 64. Kxa4 Kf6
65. Nd3 Rb8 66. Ka5 Ra8+ 67. Kb4 Rb8+ 68. Ka5 Ra8+ 69. Kb6 Rxa3 70. Nb4 Rb3 71.
Kc7 Ke5 72. Rg4 Be4 73. Nxc6+ Kf5 74. Rg5+ Kf6 75. Ne5 Rc3 76. Kd6 Rc2 77. Nd7+
Kf7 78. Ne5+ Kf6 79. Ng4+ Kf7 80. Nh6+ Kf6 81. Ng4+ Kf7 82. Ne3 Rh2 83. h5 Bb7
84. c6 Bc8 85. Ng4 Rd2+ 86. Kc7 Ba6 87. h6 Rd1 88. Rh5 Kg6 89. h7 Kxh5 90. Ne5
1-0

[Event "Linares 09th"]
[Site "Linares"]
[Date "1991.??.??"]
[Round "10"]
[White "Gurevich, Mikhail"]
[Black "Kamsky, Gata"]
[Result "1-0"]
[WhiteElo "2650"]
[BlackElo "2640"]
[PlyCount "89"]
[EventDate "1991.02.??"]
[EventType "tourn"]
[EventRounds "13"]
[EventCountry "ESP"]
[EventCategory "17"]
[SourceTitle "CBM 022"]
[Source "ChessBase"]
[SourceDate "1991.06.01"]
[SourceVersion "1"]
[SourceVersionDate "1991.06.01"]
[SourceQuality "1"]

1. d4 Nf6 2. Nf3 e6 3. c4 d5 4. Bg5 Be7 5. Nc3 O-O 6. e3 h6 7. Bh4 b6 8. Bd3
dxc4 9. Bxc4 Bb7 10. O-O c5 11. dxc5 Qxd1 12. Rfxd1 Bxc5 13. Ne5 Rc8 14. Be2
Nc6 15. Bxf6 gxf6 16. Nxf7 Kxf7 17. Rd7+ Be7 18. Rxb7 Rab8 19. Rd7 Rd8 20. Rad1
a5 21. g3 Ne5 22. Rc7 Rxd1+ 23. Bxd1 Nd3 24. Bh5+ Kf8 25. Nb5 e5 26. Nc3 Nb4
27. a3 Na6 28. Ra7 Nc5 29. b4 axb4 30. axb4 Nb7 31. Bf3 Nd6 32. Nd5 Bd8 33. Rd7
Nf5 34. Bh5 Ng7 35. Bg6 Kg8 36. g4 Ra8 37. Kg2 Rb8 38. b5 Ra8 39. Nb4 f5 40.
gxf5 Bh4 41. Nd5 Ra2 42. Kh3 Bg5 43. f4 exf4 44. exf4 Ra3+ 45. Kg4 1-0

[Event "New York op"]
[Site "New York"]
[Date "1991.??.??"]
[Round "2"]
[White "Silman, Jeremy D"]
[Black "Kamsky, Gata"]
[Result "0-1"]
[WhiteElo "2380"]
[BlackElo "2640"]
[Annotator "Ftacnik,L"]
[PlyCount "46"]
[EventDate "1991.03.??"]
[EventType "swiss"]
[EventRounds "9"]
[EventCountry "USA"]
[SourceTitle "CBM 023"]
[Source "ChessBase"]
[SourceDate "1991.08.01"]
[SourceVersion "1"]
[SourceVersionDate "1991.08.01"]
[SourceQuality "1"]

1. d4 Nf6 2. Nf3 g6 3. Bg5 Bg7 4. Nbd2 d5 5. e3 O-O 6. Bd3 Nbd7 7. O-O Re8 8.
c4 c5 9. cxd5 Nxd5 10. Nc4 (10. Qb3 $5 N5b6 11. a4 cxd4 12. exd4 Nf6 13. a5 Be6
14. Qb4 (14. Qb5 $1 Nbd5 15. Qxb7 $14) 14... Nfd5 15. Qa3 Nd7 16. Rfe1 N7f6 $11
{Johansen,D-Ftacnik,L/Sydney Mercantile/1991/ ->CBM 23}) 10... cxd4 11. Nxd4
Nc5 12. Be2 Ne6 $1 13. Nxe6 Bxe6 $11 14. Qb3 Rb8 15. a4 a6 16. Rfd1 (16. a5 b5
17. axb6 Nxb6) 16... Qc7 17. Bf1 $2 (17. Rac1) 17... b5 18. axb5 axb5 19. Na5
Qe5 20. Bh4 Qxb2 21. Bg3 (21. Qxb2 Bxb2 22. Rab1 Nc3 23. Rxb2 Nxd1 $19) 21...
Qxb3 22. Nxb3 Bxa1 23. Bxb8 Bf6 {Ftacnik,L} (23... Bf6 24. Bg3 Nc3 $19) 0-1

[Event "New York op"]
[Site "New York"]
[Date "1991.??.??"]
[Round "5"]
[White "Kamsky, Gata"]
[Black "Gurevich, Ilya"]
[Result "0-1"]
[WhiteElo "2640"]
[BlackElo "2455"]
[Annotator "Blatny,P"]
[PlyCount "130"]
[EventDate "1991.03.??"]
[EventType "swiss"]
[EventRounds "9"]
[EventCountry "USA"]
[SourceTitle "CBM 023"]
[Source "ChessBase"]
[SourceDate "1991.08.01"]
[SourceVersion "1"]
[SourceVersionDate "1991.08.01"]
[SourceQuality "1"]

1. e4 c5 2. Nf3 e6 3. d4 cxd4 4. Nxd4 a6 5. c4 (5. Bd3 Qc7 6. Qe2 d6 7. O-O Nf6
8. f4 g6 9. f5 Bg7 10. fxe6 fxe6 11. Bc4 Nc6 $1 {Dalmau-Vyzhmanavin,Rilton Cup
1991} 12. Nxe6 Bxe6 13. Bxe6 Nd4 14. Qc4 Qxc4 15. Bxc4 Nxc2 $19) 5... Nf6 6.
Nc3 Qc7 7. Bd3 Nc6 (7... Be7 8. f4 d6 9. Qe2 Nc6 10. Nf3 Nd7 $1 {N /\Nc5,Bf6}
11. a3 $6 (11. Be3 $142 {/\11...Bf6 12.Rc1}) 11... Bf6 12. Be3 (12. Bd2 Na5 $15
) 12... Bxc3+ 13. bxc3 e5 $1 14. f5 Ncb8 $1 15. O-O Nc5 16. Bc2 Nbd7 $15 {
Ehlvest-Kasparov}) 8. Nf3 b6 9. O-O Ng4 10. h3 h5 11. g3 Nge5 12. Be3 h4 13. g4
Bd6 14. Rc1 Nxf3+ 15. Qxf3 Ne5 16. Qd1 Ng6 17. Re1 Bh2+ 18. Kh1 Bf4 19. Bf1
Bxe3 20. Rxe3 O-O 21. Qd4 Qf4 22. Kg1 Rb8 23. Rd1 Rd8 24. Bg2 f6 25. Na4 b5 26.
Nc5 Bb7 27. Nxb7 Rxb7 28. cxb5 axb5 29. Rb3 Rbb8 30. Qd2 Kf7 31. Qa5 Qe5 32.
Rbd3 Ke8 33. Qd2 Qc7 34. Rd6 Ne5 35. b3 g5 36. Rc1 Qa7 37. Kh1 Rbc8 38. Rd1 Qc7
39. Bf1 Qc3 40. Qe2 b4 41. Bg2 Ke7 42. R6d4 Rb8 43. R4d2 Rdc8 44. Qf1 Rc7 45.
f4 Ng6 46. fxg5 fxg5 47. Rf2 Ne5 48. Qa6 Rc6 49. Qe2 Rcc8 50. Qa6 Rc6 51. Qe2
Rcc8 52. Qa6 Qc5 53. Qe2 Rf8 54. Rxf8 Rxf8 55. Qd2 Rf4 56. a3 bxa3 57. b4 Qb5
58. Qc3 a2 59. Ra1 Rf2 60. Qd4 Rc2 61. Bf1 Qb8 62. Bg2 Qd6 63. Qg1 Qd2 64. b5
Nd3 65. Qf1 Rc1 0-1

[Event "New York op"]
[Site "New York"]
[Date "1991.??.??"]
[Round "6"]
[White "Tischbierek, Raj"]
[Black "Kamsky, Gata"]
[Result "0-1"]
[WhiteElo "2500"]
[BlackElo "2640"]
[Annotator "Blatny,P"]
[PlyCount "106"]
[EventDate "1991.03.??"]
[EventType "swiss"]
[EventRounds "9"]
[EventCountry "USA"]
[SourceTitle "CBM 023"]
[Source "ChessBase"]
[SourceDate "1991.08.01"]
[SourceVersion "1"]
[SourceVersionDate "1991.08.01"]
[SourceQuality "1"]

1. e4 c5 2. Nf3 e6 3. d4 cxd4 4. Nxd4 a6 5. Nc3 Qc7 6. Bd3 (6. Be2 b5 7. f4 (7.
O-O Bb7 8. Bf3 {--> Urbaneja-Meyer CBM_23}) 7... Bb7 8. Bf3 b4 9. Na4 Nf6 10.
Qe2 (10. e5 Ne4 11. Be3 Nc5 12. Nxc5 Bxc5 13. Nxe6 $5 dxe6 14. Bxb7 Qxb7 15.
Bxc5 Nd7 16. Bd6 Qxg2 $13 {Polgar,Zso-Frias (INF 47/226)}) 10... d6 (10... Be7
11. e5 Nd5) 11. O-O Be7 12. a3 bxa3 13. b3 $14 {Roese-Beilfuss,BRD 1991}) 6...
Nf6 7. O-O Nc6 8. Nxc6 dxc6 9. Bg5 Be7 10. a4 a5 11. Qe2 e5 $1 12. Bc4 h6 13.
Be3 Ng4 14. Bd2 Bg5 15. Rad1 Qe7 16. h3 Nf6 17. f4 Bxf4 18. Bxf4 exf4 19. e5
Nh7 20. Rxf4 O-O 21. Rd6 Ng5 22. Kh1 Ne6 23. Rf3 Qg5 24. Qe3 Qxe3 25. Rxe3 Rb8
26. Ne4 b5 27. Bxe6 Bxe6 28. Nc5 Bf5 29. g4 Bxc2 30. Nd7 bxa4 31. Nxb8 Rxb8 32.
Rxc6 Rxb2 33. Kg1 Bb3 34. Ra6 a3 35. Rxa5 a2 36. Rc3 Kh7 37. Ra6 Be6 38. Rca3
Kg6 39. R6a5 Kg5 40. R5a4 Kh4 41. Ra5 Re2 42. Kh1 g6 43. Kg1 Rb2 44. R5a4 Re2
45. Ra5 a1=Q+ 46. Rxa1 Kxh3 47. Kf1 Re4 48. g5 h5 49. R1a4 Rg4 50. Rxg4 Kxg4
51. Ra3 Kxg5 52. Rf3 Kg4 53. Rf2 Kg3 0-1

[Event "National op"]
[Site "Chicago"]
[Date "1991.??.??"]
[Round "?"]
[White "Rao, Vivek"]
[Black "Kamsky, Gata"]
[Result "1-0"]
[WhiteElo "2370"]
[BlackElo "2595"]
[PlyCount "145"]
[EventDate "1991.05.??"]
[EventType "swiss"]
[EventRounds "6"]
[EventCountry "USA"]
[SourceTitle "EXT 2010"]
[Source "ChessBase"]
[SourceDate "2010.11.25"]
[SourceVersion "1"]
[SourceVersionDate "2010.11.25"]
[SourceQuality "1"]

1. d4 Nf6 2. c4 g6 3. Nc3 d5 4. cxd5 Nxd5 5. e4 Nxc3 6. bxc3 Bg7 7. Bc4 c5 8.
Ne2 Nc6 9. Be3 O-O 10. O-O Qc7 11. Rb1 b6 12. dxc5 Ne5 13. Bd5 Rb8 14. cxb6
axb6 15. Qa4 e6 16. Bb3 Bb7 17. f3 Rfc8 18. Rfd1 Bc6 19. Qa6 Be8 20. Bd4 b5 21.
Qa3 Bf8 22. Qc1 Nc6 23. Qg5 e5 24. Be3 Na5 25. Bd5 Nc4 26. Bf2 Be7 27. Qh6 Nb6
28. Bb3 Nc4 29. Kh1 Bd7 30. Nc1 Qd8 31. h4 Bf8 32. Qg5 Be7 33. Qh6 Bf8 34. Qg5
Be7 35. Qg3 Qc7 36. Nd3 Be6 37. Nb4 Bxb4 38. cxb4 f6 39. Bc5 Rd8 40. Qf2 Kg7
41. Qe2 Qf7 42. Rxd8 Rxd8 43. Rd1 Ra8 44. Rc1 Na3 45. Qb2 Nc4 46. Qc3 Ra3 47.
Rd1 Ra8 48. Rf1 h6 49. f4 Rd8 50. a4 bxa4 51. Bxa4 Ra8 52. Bb3 exf4 53. Bxc4
Bxc4 54. Rxf4 Ra6 55. e5 Bd5 56. Rxf6 Rxf6 57. exf6+ Kg8 58. Qe5 Qd7 59. Kg1
Bc6 60. Qe7 Qxe7 61. Bxe7 Kf7 62. Kf2 Ke6 63. g3 g5 64. hxg5 hxg5 65. Ke3 Bb5
66. Kd4 Be2 67. Kc5 g4 68. b5 Kd7 69. b6 Bf3 70. Bd6 Ke6 71. Bf4 Be4 72. f7
Kxf7 73. Kd6 1-0

[Event "USA-ch m"]
[Site "Los Angeles"]
[Date "1991.??.??"]
[Round "4.1"]
[White "Benjamin, Joel"]
[Black "Kamsky, Gata"]
[Result "0-1"]
[WhiteElo "2540"]
[BlackElo "2595"]
[Annotator "Schussler,H"]
[PlyCount "154"]
[EventDate "1991.07.??"]
[EventType "k.o."]
[EventRounds "4"]
[EventCountry "USA"]
[SourceTitle "CBM 025"]
[Source "ChessBase"]
[SourceDate "1991.12.01"]
[SourceVersion "1"]
[SourceVersionDate "1991.12.01"]
[SourceQuality "1"]

1. e4 e5 2. Nf3 Nc6 3. Bb5 a6 4. Ba4 Nf6 5. O-O Be7 6. Re1 b5 7. Bb3 O-O 8. c3
d5 9. exd5 Nxd5 10. Nxe5 Nxe5 11. Rxe5 c6 12. Re1 Bd6 13. g3 Qd7 14. d3 Qh3 15.
Re4 Qd7 {Sture Nyman.} (15... Bb7 16. Rh4 Qf5 17. Bc2 Qe6 $22 $10 {
Tukmakov-Jansa, student (ol) 1967.} 18. d4 f5) (15... Bd7 16. Nd2 Rae8 17. Rh4
Qf5 18. Nf1 Qg6 19. Bd2 Bf5 20. Bxd5 cxd5 21. Ne3 $14 {Murei-Geller, Amsterdam
1987.}) (15... Nf6 16. Rh4 Qf5 17. Bf4 g5 18. Bxd6 gxh4 19. Bxf8 Kxf8 20. Qe2
Bb7 21. Nd2 c5 22. f3 $16 {Anand-Cooper, England 1988.}) (15... Qf5 16. Nd2 Qg6
17. Nf1 {17.Re1, 17.a4} f5 18. Rd4 f4 19. Rxd5 cxd5 20. Bxd5+ Be6 21. Bxa8 Rxa8
22. Qf3 Rf8 23. Qe4 $14 {Timman-Hübner, Tilburg 1985.}) 16. Nd2 $1 (16. Qf1 Bb7
17. Bxd5 cxd5 18. Re1 d4 19. h3 Qc6 20. Kh2 Rae8 21. Bd2 Qf3 {White resigned.
Larsson-Nyman, corr. 1966.}) 16... f5 17. Re1 Kh8 18. Qh5 Nf6 $1 19. Qh4 c5 $10
20. Nf3 Bb7 21. Ng5 h6 22. Bd2 Qc6 23. f3 c4 $1 $15 24. Bd1 cxd3 25. Ne6 Rf7
26. Kg2 Bc5 27. Ng5 Rff8 28. Ne6 Ng4 29. Nxf8 Rxf8 30. b4 Bd6 31. Qh5 Qb6 32.
Rf1 Ne3+ 33. Bxe3 Qxe3 34. Bb3 Qd2+ 35. Rf2 Qxc3 36. Rd1 Bxb4 37. Qg6 d2 38.
Rdxd2 Bxf3+ 39. Rxf3 Qxd2+ 40. Rf2 Qe3 41. Bf7 Qe4+ 42. Kh3 Qg4+ 43. Kg2 {
43.Qxg4!?} Qxg6 44. Bxg6 Rf6 45. Bxf5 Bc5 46. Rf1 g5 47. Bd3 Rd6 48. Rd1 Kg7
49. Be2 Bd4 50. Bf3 b4 51. Rc1 Bc3 52. Rd1 Rb6 53. Rd7+ Kf6 54. Bd5 Ke5 55. Bb3
Rf6 56. h4 g4 57. Rg7 h5 58. Re7+ Kd4 59. Rd7+ Ke4 60. Rf7 Rd6 61. Rf2 a5 62.
Bf7 Rh6 63. Bb3 Ke3 64. Kf1 Ra6 65. Ba4 Rd6 66. Be8 Rd1+ 67. Kg2 Be1 68. Rc2
Rd5 69. Rb2 Re5 70. Bd7 Kd3 71. Kf1 Bd2 72. Rb3+ Bc3 73. Rb1 Kc2 74. Rb3 Re1+
75. Kf2 Kd2 76. Bb5 Ra1 77. Bc4 a4 0-1